| Tag |
First Indicator |
Second Indicator |
Subfields |
| LEADER |
00000cam a2200000 i 4500 |
| 001 |
in00000055305 |
| 005 |
20151008052216.0 |
| 008 |
790731s1978 ksu b s10000 eng |
| 010 |
|
|
|a 79620905
|
| 035 |
|
|
|a (OCoLC)04218708
|
| 035 |
|
|
|9 AAH2231AM
|
| 040 |
|
|
|a DLC
|c DLC
|d TXA
|d UtOrBLW
|
| 043 |
|
|
|a n-us---
|
| 049 |
|
|
|a TXAM
|c [979454]
|
| 050 |
0 |
0 |
|a HD9000.6
|b .P64
|
| 082 |
0 |
|
|a 338.1/9
|
| 245 |
0 |
0 |
|a Political aspects of world food problems /
|c Joseph Hajda, Aruna Nayyar Michie, and Thomas Sloan, editors.
|
| 264 |
|
1 |
|a Manhattan :
|b Agricultural Experiment Station, Kansas State University,
|c 1978.
|
| 300 |
|
|
|a i, 168 pages ;
|c 28 cm.
|
| 336 |
|
|
|a text
|b txt
|2 rdacontent
|
| 337 |
|
|
|a unmediated
|b n
|2 rdamedia
|
| 338 |
|
|
|a volume
|b nc
|2 rdacarrier
|
| 490 |
1 |
|
|a Monograph - Agricultural Experiment Station, Kansas State University, Manhattan ; 1
|
| 500 |
|
|
|a "Contribution number 78-250-A, Department of Political Science, Kansas Agricultural Experiment Station, Manhattan, Kansas 66506."
|
| 500 |
|
|
|a Selection of papers from a conference held at Kansas State University, Mar. 4-5, 1977, co-sponsored by the Dept. of Political Science and the Kansas Agricultural Experiment Station.
|
| 504 |
|
|
|a Includes bibliographical references.
|
| 650 |
|
0 |
|a Food supply
|v Congresses.
|
| 650 |
|
0 |
|a Agriculture and state
|v Congresses.
|
| 650 |
|
0 |
|a Agriculture and state
|z United States
|v Congresses.
|
| 700 |
1 |
|
|a Hajda, Joseph.
|
| 700 |
1 |
|
|a Michie, Aruna Nayyar.
|
| 700 |
1 |
|
|a Sloan, Thomas J.
|
| 710 |
2 |
|
|a Kansas State University.
|b Department of Political Science.
|
| 710 |
2 |
|
|a Kansas Agricultural Experiment Station.
|
| 830 |
|
0 |
|a Monograph (Kansas Agricultural Experiment Station) ;
|v 1.
|
| 999 |
|
|
|a MARS
|
| 999 |
f |
f |
|s b41b0f9d-7595-371f-bc22-97cc058dc230
|i eeb6d51e-1d51-37ac-b38c-23578922cb20
|t 0
|
| 952 |
f |
f |
|p ric
|a Texas A&M University
|b Rellis Campus
|c Joint Library Facility
|d Remote Storage
|t 0
|e HD9000.6 .P64
|h Library of Congress classification
|i unmediated -- volume
|m A14802715454
|
| 998 |
f |
f |
|a HD9000.6 .P64
|t 0
|l Remote Storage
|